UBT Library

RADIOLOGIC SCIENCES AND PATIENT CARE (Record no. 6643)

000 -LEADER
fixed length control field 00312nam a22001337a 4500
008 - FIXED-LENGTH DATA ELEMENTS--GENERAL INFORMATION
fixed length control field 170302b xxu||||| |||| 00| 0 eng d
020 ## - INTERNATIONAL STANDARD BOOK NUMBER
International Standard Book Number 9780721697826
041 ## - LANGUAGE CODE
Language code of text/sound track or separate title eng
080 ## - UNIVERSAL DECIMAL CLASSIFICATION NUMBER
Edition identifier 3 ED
Universal Decimal Classification number 616.073
100 ## - Rafti
Rafti 6
101 ## - Shkurtesa
Shkurtesa SHM
245 ## - TITLE STATEMENT
Title RADIOLOGIC SCIENCES AND PATIENT CARE
Statement of responsibility, etc ADLER.A.M
942 ## - ADDED ENTRY ELEMENTS (KOHA)
Source of classification or shelving scheme
Item type Books
Holdings
Withdrawn status Lost status Source of classification or shelving scheme Damaged status Not for loan Collection code Permanent location Current location Shelving location Date acquired Total Checkouts Full call number Barcode Date last seen Price effective from Koha item type
          Koleksioni i përgjithshem UBT - Lipjan UBT - Lipjan Koleksioni i përgjithshem 03/02/2017   616.073 ADL 002-031580 03/02/2017 03/02/2017 Books
          Koleksioni i përgjithshem UBT - Lipjan UBT - Lipjan   10/24/2022   616.073 ADL 002-800028700260317 10/24/2022 10/24/2022 Books
UBT Library © 2015-2024. All rights reserved University Education for Business and Technology